KOHA-Header-6

Contested Knowledge (Record no. 1686)

000 -LEADER
fixed length control field 00312nam a2200133Ia 4500
008 - FIXED-LENGTH DATA ELEMENTS--GENERAL INFORMATION
fixed length control field 190723s9999 xx 000 0 und d
020 ## - INTERNATIONAL STANDARD BOOK NUMBER
International Standard Book Number 978-1-118-22790-9
100 ## - MAIN ENTRY--PERSONAL NAME
Personal name Steven Seidman
245 #0 - TITLE STATEMENT
Title Contested Knowledge
250 ## - EDITION STATEMENT
Edition statement 5th
260 ## - PUBLICATION, DISTRIBUTION, ETC. (IMPRINT)
Place of publication, distribution, etc UK
Name of publisher, distributor, etc Wiley Blackwell
Date of publication, distribution, etc 2013
300 ## - PHYSICAL DESCRIPTION
Extent 353.:p
942 ## - ADDED ENTRY ELEMENTS (KOHA)
Koha item type Books
Holdings
Withdrawn status Lost status Source of classification or shelving scheme Damaged status Not for loan Collection code Permanent Location Current Location Shelving location Date acquired Full call number Barcode Date last seen Price effective from Koha item type
          English Literature MAJU MAJU Shelf No.A15 2019-07-23 301.01 8309 2022-12-30 2019-07-23 English Literature

Powered by Koha